An embarrassment of riches (Record no. 85058)

MARC details
000 -LEADER
fixed length control field 00676nam a22002177a 4500
003 - CONTROL NUMBER IDENTIFIER
control field URS
005 - DATE AND TIME OF LATEST TRANSACTION
control field 20250828100515.0
008 - FIXED-LENGTH DATA ELEMENTS--GENERAL INFORMATION
fixed length control field 250327b ||||| |||| 00| 0 eng d
040 ## - CATALOGING SOURCE
Transcribing agency URS
050 ## - LIBRARY OF CONGRESS CALL NUMBER
Classification number HG220.3
Item number .G737 2014
100 ## - MAIN ENTRY--PERSONAL NAME
9 (RLIN) 11762
Personal name Green, Alexander
245 ## - TITLE STATEMENT
Title An embarrassment of riches
Remainder of title Tapping into the world's greatest legacy of wealth
264 ## - PRODUCTION, PUBLICATION, DISTRIBUTION, MANUFACTURE, AND COPYRIGHT NOTICE
Place of production, publication, distribution, manufacture Hoboken, New Jersey
Name of producer, publisher, distributor, manufacturer Wiley
Date of production, publication, distribution, manufacture, or copyright notice ©2014
336 ## - CONTENT TYPE
Source rdacontent
Content type term text
337 ## - MEDIA TYPE
Source rdamedia
Media type term unmediated
338 ## - CARRIER TYPE
Source rdacarrier
Carrier type term volume
650 #0 - SUBJECT ADDED ENTRY--TOPICAL TERM
9 (RLIN) 11763
Topical term or geographic name entry element Money
General subdivision Moral and ethical aspects
650 #0 - SUBJECT ADDED ENTRY--TOPICAL TERM
9 (RLIN) 11764
Topical term or geographic name entry element Wealth
General subdivision Moral and ethical aspects
650 #0 - SUBJECT ADDED ENTRY--TOPICAL TERM
9 (RLIN) 3610
Topical term or geographic name entry element Conduct of life
942 ## - ADDED ENTRY ELEMENTS (KOHA)
Source of classification or shelving scheme Library of Congress Classification
Koha item type Continuing Resources
Holdings
Withdrawn status Source of classification or shelving scheme Damaged status Not for loan Collection code Home library Current library Date acquired Total Checkouts Full call number Barcode Date last seen Price effective from Koha item type
  Library of Congress Classification     Non-fiction Morong Graduate Library Morong Graduate Library 03/27/2025   HG220.3 .G737 2014 URSMOR-GL-5619 03/27/2025 03/27/2025 Continuing Resources

University of Rizal System
Email us at univlibservices@urs.edu.ph

Visit our Website www.urs.edu.ph/library